000 01675nam0a2200361 4500
001 RU\NLR\bibl\1309741
005 20260405180142.0
010 _a978-5-91038-013-8
010 _a978-5-900962-12-1
_91600
021 _aRU
_b2008-85916
_95016
035 _a(NLR Aleph) 001295208
090 _a584328
_c584328
100 _a20081218d2008 |||y0rusy50 ca
101 0 _arus
102 _aRU
105 _aac |||||||||
200 1 _aЗа окнами дома Иванова
_eстраницы Ярославской истории
_e[сборник
_fсост. и авт. предисл. А.М. Рутман, Г.Г. Мозгова
_gподгот. текстов мемуаров Г.Г. Мозгова]
210 _aЯрославль
_cАлександр Рутман
_d2008
215 _a382, [1] с.
_cил., портр.
_d25
225 1 _aСерия "Граждане Ярославля"
320 _aБиблиогр.: с. 366 и в тексте
320 _aИмен. указ.: с. 367-379
607 _aЯрославль, город
_jВоспоминания, записки и т.п.
_xИстория
_z19 - 20 вв.
_92115641
_3RU\NLR\auth\661278133
686 _aТ3(2Р-4Яр-2Я)52,013
686 _aТ3(2Р-4Яр-2Я)7,013
702 1 _4220
_8rus
_7ca
_aРутман
_bА. М.
_f1950-2015
_gАлександр Михайлович
_3RU\NLR\AUTH\7777136
_960064
702 1 _8rus
_7ca
_aИванов
_bЕ. С.
_cпредприниматель
_fок.1822-1889
_gЕвграф Спиридонович
_3RU\NLR\auth\7777131
_960059
801 0 _aRU
_bNLR
_c20081218
_gRCR
801 1 _aRU
_bNLR
_c20081218
942 _cBOOK
980 _aNB